000 00854nam a2200265Ia 4500
003 OSt
005 20221006144419.0
006 a|||||r|||| 00| 0
007 ta
008 221006b |||||||| |||| 00| 0 fre d
020 _a066906369x
_c404.00
024 _a11,643
037 _cTextual
040 _aEASL
_cEASL
_bfre
041 _2fre
_afre
082 _aV4:19(zP).N82, M3
100 _aMORRISON Charles E Ed.
_9649242
245 0 _aThreats to security in east asia pacific
_bNational and regional perspectives
260 _aToronto
_bLexington Books
_c1983
300 _axix,222p.
_ccm.
650 _a Pacific Ocean Region-Strategic aspects-congresses
_9651924
650 _aEast Asia-Strategic aspects-congresses
_9651925
942 _hV4:19(zP).N82, M3
_cTEXL
_2CC
999 _c1079729
_d1079729